Statistics for Unscramble Hollywood Movie Stars

Click here to take the quiz!

General Stats

  • This quiz has been taken 1,134 times
  • The average score is 14 of 24

Answer Stats

ScrambleName% Correct
LLWI MISTHWill Smith
94%
BRETOR YEWNOD RJRobert Downey Jr
93%
TAKE SLITNEWKate Winslet
80%
KRMA GRELBWAHMark Wahlberg
78%
NICVE GAHUVNVince Vaughn
74%
ZNELED ANIWNSGOTHDenzel Washington
64%
PSEHOJ GNODRO-TVITELJoseph Gordon-Levitt
63%
YRLEM PRESTEMeryl Streep
63%
NASRAD LOCKLUBSandra Bullock
63%
WETHNYG LOWTRAPGwyneth Paltrow
61%
DRONOELA CIRAPOIDLeonardo DiCaprio
59%
RESTLYVSE TOLSNALESylvester Stallone
56%
ZARLIHEC NORHETCharlize Theron
53%
TSRLATEC SNOSJANOHScarlett Johansson
51%
NESA NYRECONSean Connery
51%
ELMICLEH FREFIFEPMichelle Pfeiffer
50%
FREINEJN CAWNLEREJennifer Lawrence
49%
ROSTPIHERCH KLAWNEChristopher Walken
44%
ETHNIREKA GLIHEKatherine Heigl
43%
HALIETABEZ RHEYLUElizabeth Hurley
41%
WHATEMT NUCAGEMYCOHMatthew McConaughey
35%
RAWDDE TRNOONEdward Norton
34%
RYOSUNEGI RAWEEVSigourney Weaver
31%
WENA GROCMERGEwan McGregor
21%

Score Distribution

Percentile by Number Answered

Percent of People with Each Score

Your Score History

You have not taken this quiz